| 000 | 01093nam0a22002771 4500 | ||
|---|---|---|---|
| 001 | rc\354504 | ||
| 005 | 20030307122820.4 | ||
| 010 |
_a5-02-013331-0 _95400 |
||
| 035 | _a(NLR Aleph) 005574110 | ||
| 090 |
_a6042884 _c6042884 |
||
| 100 | _a20030307d1989 u |0rusy50 ca | ||
| 101 | 0 | _arus | |
| 102 | _aRU | ||
| 105 | _aa ||||||||| | ||
| 200 | 1 |
_aНачало пути: поколение со средним образованием _f[Р.К. Веэрманн, С.И. Григорьев, Б.А. Зепа и др.] _gОтв. ред. М.Х. Титма _gАН СССР, Ин-т социологии |
|
| 210 |
_aМ. _cНаука _d1989 |
||
| 215 |
_a238, [2] с. _cил. _d22 |
||
| 300 | _aАвт. указаны на обороте тит. л. | ||
| 701 | 1 |
_aВеэрманн _bР. К. _gРейн Кальвович |
|
| 702 | 1 |
_aТитма _bМ. Х. _gМикк Харриевич _4340 |
|
| 712 | 0 | 2 |
_aИнститут социологии _cМосква _3RU\NLR\AUTH\889974822 _4570 |
| 801 | 0 |
_aRU _bNLR _gpsbo |
|
| 801 | 1 |
_aRU _bELAR _2rusmarc |
|
| 852 |
_aNLR _j89-5/7095 |
||
| 942 | _cBOOK | ||
| 980 | _aNB | ||